Expert Witnesses in Civil Litigation A Practical Guide /

Bibliographic Details
Main Author: Hollander, John
Format: eBook
Language:English
Published: Toronto: Irwin Law Inc., 2017
Subjects:
Online Access:Acceso restringido

MARC

LEADER 00000nam a22000007a 4500
005 20210810210238.0
007 cr|||| ||||
008 210810s2017 ca |||||s|||| 00||0 eng d
020 |a 9781552214275 
035 |a 34951 
040 |a vLex 
090 |c 11954  |d 11954 
100 1 |a Hollander, John 
245 1 0 |a Expert Witnesses in Civil Litigation  |h [Recurso electrn̤ico] :  |b A Practical Guide /  |c John Hollander 
256 |a Servicio en ln̕ea 
260 |a Toronto:  |b Irwin Law Inc.,  |c 2017 
300 |a 1 recurso electrn̤ico 
500 |a Expert witnesses can be the lifeblood of a lawyer’s case. This handbook applies recent pronouncements of the courts to the involvement of experts in civil litigation. It presents practical tips and techniques for lawyers with respect to the participation of experts from initial retainer, instruction, and report, to preparing experts to testify, leading experts’ evidence at trial, and cross-examination. In each chapter, the handbook uses court cases as examples of the points under discussion. Readers can see how case analysis applies to the role of experts in these cases. 
506 1 |a Disponible solo en los productos indicados  |d vLex Global  |d vLex Global (Academic Edition, excluding Law Schools)  |d vLex Global (U.S. Academic Edition, Law Schools)  |d vLex Global (U.S. Academic Edition, excluding Law Schools)  |d vLex Global (Academic Edition, Law Schools) 
650 0 4 |a Derecho Civil  |z Canad̀ 
740 0 |a vLex Libros (Servicio en ln̕ea) 
856 4 0 |u https://app.vlex.com/#/sources/34951  |z Acceso restringido 
942 |c BOOK 
999 0 |a Civil Law